Normal view MARC view
  • Witnesses

Entry Topical Term

Number of records used in: 1

001 - CONTROL NUMBER

  • control field: 9085

003 - CONTROL NUMBER IDENTIFIER

  • control field: OSt

005 - DATE AND TIME OF LATEST TRANSACTION

  • control field: 20171030102851.0

008 - FIXED-LENGTH DATA ELEMENTS

  • fixed length control field: 171030|| aca||aabn | a|a d

040 ## - CATALOGING SOURCE

  • Original cataloging agency: OSt
  • Transcribing agency: OSt

150 ## - HEADING--TOPICAL TERM

  • Topical term or geographic name entry element: Witnesses
  • General subdivision: Protection
  • Geographic subdivision: Malaysia

670 ## - SOURCE DATA FOUND

  • Source citation: Work cat.: (OSt)0: Malaysia 400, Akta Perlindungan Saksi 2009 (Akta 696) and Witness Protection Act 2009 (Act 696) & Akta Perlindungan Pemberi Maklumat 2010 (Akta 711) and Whistleblower Protection Act 2010 (Act 711) :, 2011
Pusat Sumber Maklumat Dato' Haji Sarmin Md Hussin, Akademi Kastam Diraja Malaysia, Melaka
Tel: 06-2331106 | Faks: 06-2313787